| 000 | 00611nam a2200181Ia 4500 | ||
|---|---|---|---|
| 008 | 090124s9999 xx 000 0 und d | ||
| 082 | _b24723 | ||
| 100 | _aघारे दीपक | ||
| 245 | _a मराठीतील साहित्यलेणी | ||
| 250 | _a1 | ||
| 260 |
_bग्रंथाली प्रकाशन _c1986 |
||
| 300 | _a83 | ||
| 600 | _aघारे दीपक | ||
| 630 | _a मराठीतील साहित्यलेणी | ||
| 700 | _aघारे दीपक | ||
| 730 | _a मराठीतील साहित्यलेणी | ||
| 942 | _cBOOK | ||
| 999 |
_c92925 _d92925 |
||